Match the Pathogen (Virus/Bacterium) to the Disease 🦠 - Statistics

General Stats
  • This quiz has been taken 296 times
  • The average score is 14 of 22
Answer Stats
Hint Answer % Correct
Mycobacterium tuberculosis tuberculosis
96%
human immunodeficiency viruses acquired immunodeficiency syndrome
93%
Vibrio cholerae cholera
92%
SARS-CoV-2 COVID-19
92%
Mycobacterium leprae leprosy
92%
Clostridium tetani tetanus
91%
Bacillus anthracis anthrax
89%
dengue virus dengue fever
87%
Corynebacterium diphtheriae diphtheria
87%
Salmonella enterica Typhi Typhoid fever
83%
Yersinia pestis plague
62%
prions Creutzfeldt–Jakob disease
59%
varicella zoster virus chickenpox/shingles
57%
Bordetella pertussis whooping cough
55%
Candida albicans thrush
47%
Haemophilus influenzae pneumonia/meningitis
42%
Epstein–Barr virus mononucleosis
41%
variola virus smallpox
39%
Borrelia burgdorferi Lyme disease
37%
Plasmodium genus malaria
37%
Trypanosoma brucei sleeping sickness
30%
Treponema pallidum syphilis
25%
No matching quizzes found
Score Distribution
Percent of People with Each Score
Percentile by Number Answered
Your Score History
You have not taken this quiz